Statistics for Appleton International Airport Destinations (Appleton, WI, USA)

Click here to take the quiz!

General Stats

  • This quiz has been taken 20 times
    (9 since last reset)
  • The average score is 13 of 18

Answer Stats

AirlineDestination% Correct
Delta Air Lines/Delta ConnectionAtlanta
100%
American EagleCharlotte
100%
American Eagle/United ExpressChicago (O'Hare)
100%
American EagleDallas/Fort Worth
100%
Allegiant Air/United ExpressDenver
100%
Delta Air Lines/Delta ConnectionDetroit
100%
Delta ConnectionMinneapolis/St. Paul
100%
Allegiant AirOrlando/Sanford
100%
Allegiant AirFort Lauderdale
67%
Allegiant AirLas Vegas
67%
Allegiant AirNashville
67%
Allegiant AirNewark
67%
Allegiant AirPhoenix/Mesa
50%
Allegiant AirPunta Gorda (FL)
50%
Allegiant AirPortland (OR)
33%
Allegiant AirSt. Petersburg/Clearwater
33%
Allegiant AirSarasota
17%
Allegiant AirSavannah
17%

Score Distribution

Percentile by Number Answered

Percent of People with Each Score

Your Score History

You have not taken this quiz since the last reset